| 000 | 00641nam a22002057a 4500 | ||
|---|---|---|---|
| 005 | 20240830050943.0 | ||
| 008 | 240830b |||||||| |||| 00| 0 eng d | ||
| 020 | _a9788197377587 | ||
| 040 |
_aIN-DiNC _cIN-DiNC |
||
| 041 | _dasm | ||
| 082 |
_a330.954 _bAHM |
||
| 100 |
_aAhmed, Rofique _eauthor |
||
| 245 |
_aIndian economy/ _cby Rofique Ahmed and Samarita Kashyap |
||
| 260 |
_aJorhat: _bNorth East Institute of Research Consultancy and Publication, _c2024. |
||
| 300 | _a346p. | ||
| 650 | _aEconomic development since independence | ||
| 650 | _aEconomic situation of India | ||
| 700 |
_aKashyap, Samarita _eauthor |
||
| 942 |
_2ddc _cBK |
||
| 999 |
_c11905 _d11905 |
||